000 00215 a2200097 4500
001 356
100 _a
245 _aEngineering Mechanics Dynamics, 6th Ed
260 _aNY
_bMacmillan Pub Co
_c2004
090 _c35
_d35
942 _aNUST-CAE
_cM
_c27779
999 _c235429
_d235429